000
00244nam a22001097a 4500
082
_a
621.42 WAL'S
100
_a
WALKER, G
_9
75322
245
_a
STIRLING ENGINES
260
_a
OXFORD
_b
CLARENDON PRESS
_c
1980
300
_a
XXII, 532P
942
_c
BK
999
_c
580762
_d
580762